Countries without the letter "A" - Statistics

General Stats
  • This quiz has been taken 30 times
  • The average score is 15 of 28
Answer Stats
Hint Answer % Correct
Y Yemen
81%
F Fiji
78%
C Chile
74%
C Comoros
70%
B Benin
67%
M Mexico
67%
P Peru
67%
B Belgium
63%
B Burundi
63%
D Djibouti
63%
B Belize
59%
B Brunei
59%
C Cyprus
59%
G Greece
59%
L Luxembourg
59%
M Morocco
59%
S Sweden
59%
U United Kingdom
59%
K Kosovo
56%
T Turkey
52%
N Niger
48%
C Czech Republic
44%
S Seychelles
44%
L Lesotho
41%
P Phillipines
37%
C Congo
33%
L Liechtenstien
7%
M Montenegero
4%
No matching quizzes found
Score Distribution
Percent of People with Each Score
Percentile by Number Answered
Your Score History
You have not taken this quiz